Statistics for A level Human Geography Globalisation key terms

Click here to take the quiz!

General Stats

  • This quiz has been taken 45 times
    (39 since last reset)
  • The average score is 6 of 20

Answer Stats

HintAnswer% Correct
The process by which people, culture, finance, goods and information transfer between countriesGlobalisation
52%
Opposition to the increase in global influence of companies, especially TNC’sAnti Globalisation
37%
Changing products in order to suit a certain place’s demand, population, cultures...Glocalisation
37%
Countries that dominate global politics and tradeSuperpowers
37%
Resources that cross the political boundaries of two or more statesTransboundary
37%
Formed when individual indicators are compiled into a single indexComposite Indicator
33%
The movement of manufacturing from developed countries to developing countriesGlobal Shift
33%
The process that causes the relative distance between places to contract, effectively making places grow closerTime space compression
33%
The homogenising effect of an increase in American companies and products all over the worldAmericanisation
30%
A belief that minority traits should disappear as immigrants adopt host valuesAssimilation
30%
The use of economic, political, cultural or other pressures to indirectly control or influence other countriesNeo Colonialism
30%
Towns attempting to reduce carbon footprints and promote self sufficient economic development. Less reliant on globalisationTransition Towns
30%
The dispersion or spread of a group of people from an original homelandDiaspora
26%
Nodes in the global economic systemHub cities
26%
Taxation on importsTariff
26%
A person with British citizenship that lives abroadBritish expat
22%
Beliefs and social activities that dominate a global cultureCultural Imperialism
22%
Wealthy people invest or migrate to alpha cities with future benefit in mindElite migration
22%
Limiting the quantity that can be importedQuota
22%
The idea that the world may be experiencing decreased economic integration and reduced cross border movementDeglobalisation
19%

Score Distribution

Percentile by Number Answered

Percent of People with Each Score

Your Score History

You have not taken this quiz since the last reset